000
00248 a2200097 4500
001
90907
082
_a
297.14 USM
090
_c
43041
_d
43041
100
_a
Fazeel u Rehman Hilal Usmani
245
_a
Islami Qanoon
_c
Fazeel u Rehman Hilal Usmani
_h
Urdu
942
_a
CAE NUST
_k
297.14 USM
999
_c
325980
_d
325980